Deux garcons et un secret /

שמור ב:
מידע ביבליוגרפי
מחבר ראשי: Poulin, Andrée, (1960- )
מחברים אחרים: Lafrance, Marie
פורמט: ספר
שפה:צרפתית
יצא לאור: Montreal : Les editions de la Bagnole, 2016
סדרה:La vie devant toi
תגים: הוספת תג
אין תגיות, היה/י הראשונ/ה לתייג את הרשומה!

MARC

LEADER 00000nam a22000007i 4500
001 IT\ICCU\UBO\4293286
003 ItRI
005 20260115232019.0
008 180126s2016 xxc|||||| ||||| |||||c
020 |a 9782897141691 
040 |b ita  |c importazione bologna sebina 
041 7 |a fre  |2 ISO-639-2 
100 1 |a Poulin, Andrée,  |d  (1960- )  |0 IT\ICCU\UBOV\163196 
245 1 0 |a Deux garcons et un secret /  |c texte Andree Poulin ; illustrations Marie Lafrance. 
260 |a Montreal :  |b Les editions de la Bagnole,  |c 2016 
300 |a 1 volume (senza paginazione) :  |b in gran parte ill. ;  |c 26x26 cm 
700 1 |a Lafrance, Marie  |0 IT\ICCU\UBOV\592989 
830 3 |a La vie devant toi  |0 IT\ICCU\UBO\4293287 
942 |2 ddc  |c BK  |n 0 
952 |0 0  |1 0  |4 0  |6 R_843_920000000000000_POU  |7 0  |9 18902  |a BO  |b BO  |d 2026-01-15  |i 18711  |l 0  |o R 843.92 POU  |p BO18711  |r 2026-01-15 23:20:19  |w 2026-01-15  |x [Sebina 5] [1 v.]  |y BK  |z 1 v. 
999 |c 16061  |d 16061